|
|
|
|
| LEADER |
00000nam a22000007a 4500 |
| 005 |
20140502210953.0 |
| 007 |
cr|||| |||| |
| 008 |
140502s2014 br |||||s|||| 00||0 por d |
| 020 |
|
|
|a 978-85-63265-28-9
|
| 035 |
|
|
|a 12115
|
| 040 |
|
|
|a vLex
|
| 090 |
|
|
|c 4898
|d 4898
|
| 100 |
1 |
|
|a Wojcikiewicz Almeida, Paula
|
| 245 |
1 |
0 |
|a Revista do Programa de Direito da Uniô Europeia 2014
|h [Recurso electrn̤ico] /
|c Paula Wojcikiewicz Almeida
|n Vol. 3
|
| 256 |
|
|
|a Servicio en ln̕ea
|
| 260 |
|
|
|a Rio de Janeiro:
|b FGV - Direito Rio,
|c 2014
|
| 300 |
|
|
|a 1 recurso electrn̤ico
|
| 490 |
0 |
|
|a Programa de Direito da Uniô Europeia
|
| 506 |
1 |
|
|a Disponible solo en los productos indicados
|d vLex Global
|d vLex Global (Academic Edition, excluding Law Schools)
|d vLex Global (U.S. Academic Edition, Law Schools)
|d vLex Global (U.S. Academic Edition, excluding Law Schools)
|d vLex Global (Academic Edition, Law Schools)
|
| 650 |
0 |
4 |
|a Derecho Civil
|z Brasil
|
| 740 |
0 |
|
|a vLex Libros (Servicio en ln̕ea)
|
| 856 |
4 |
0 |
|u http://vlex.com/source/revista-do-programa-de-direito-da-uni-o-europeia-2014-12115
|z Acceso restringido
|
| 942 |
|
|
|c BOOK
|
| 999 |
0 |
|
|a Civil Law
|